Исследование превращения метана и циклогексана в тлеющем и микроволновом разрядах методом матричной ИК-спектроскопии; Известия Томского политехнического университета [Известия ТПУ]; Т. 312, № 2 : Математика и механика. Физика
| Parent link: | Известия Томского политехнического университета [Известия ТПУ]/ Томский политехнический университет (ТПУ).— , 2000- Т. 312, № 2 : Математика и механика. Физика.— 2008.— [С. 143-148] |
|---|---|
| Tác giả khác: | , , , , , , |
| Tóm tắt: | Заглавие с титульного листа Электронная версия печатной публикации Методом матричной ИК-спектроскопии проведено сравнительное исследование продуктов, возникающих в тлеющем и микроволновом разрядах в аргоне, содержащем небольшие добавки (0,5...1 мол. %) метана или циклогексана в отсутствии и присутствии добавок кислорода (до 2 мол. %), при давлении -10 Па. В результате исследования зафиксирован ряд стабильных и лабильных электронейтральных интермедиатов. На основании полученных результатов сделаны выводы об отдельных реакциях с участием метана и циклогексана в условиях холодной плазмы при низком давлении. В частности, показана обратимость распада метана в условиях холодной плазмы, продемонстрирована склонность циклогексана к распаду цикла и получены свидетельства нерадикального механизма образования низших алкенов и олефинов из циклогексана в этих условиях. |
| Ngôn ngữ: | Tiếng Nga |
| Được phát hành: |
2008
|
| Loạt: | Математика и механика. Физика |
| Những chủ đề: | |
| Truy cập trực tuyến: | http://www.lib.tpu.ru/fulltext/v/Bulletin_TPU/2008/v312/i2/33.pdf |
| Định dạng: | Điện tử Chương của sách |
| KOHA link: | https://koha.lib.tpu.ru/cgi-bin/koha/opac-detail.pl?biblionumber=172952 |
MARC
| LEADER | 00000nla2a2200000 4500 | ||
|---|---|---|---|
| 001 | 172952 | ||
| 005 | 20231031164405.0 | ||
| 035 | |a (RuTPU)RU\TPU\book\187608 | ||
| 035 | |a RU\TPU\book\187607 | ||
| 090 | |a 172952 | ||
| 100 | |a 20091216d2008 k y0rusy50 ca | ||
| 101 | 0 | |a rus | |
| 102 | |a RU | ||
| 135 | |a drnn ---uucaa | ||
| 181 | 0 | |a i | |
| 182 | 0 | |a b | |
| 200 | 1 | |a Исследование превращения метана и циклогексана в тлеющем и микроволновом разрядах методом матричной ИК-спектроскопии |b Электронный ресурс |f С. Е. Боганов [и др.] | |
| 203 | |a Текст |c электронный | ||
| 215 | |a 1 файл (605 Кб) | ||
| 225 | 1 | |a Математика и механика. Физика | |
| 230 | |a Электронные текстовые данные (1 файл : 605 Кб) | ||
| 300 | |a Заглавие с титульного листа | ||
| 300 | |a Электронная версия печатной публикации | ||
| 320 | |a [Библиогр.: с. 147-148 (26 назв.)] | ||
| 330 | |a Методом матричной ИК-спектроскопии проведено сравнительное исследование продуктов, возникающих в тлеющем и микроволновом разрядах в аргоне, содержащем небольшие добавки (0,5...1 мол. %) метана или циклогексана в отсутствии и присутствии добавок кислорода (до 2 мол. %), при давлении -10 Па. В результате исследования зафиксирован ряд стабильных и лабильных электронейтральных интермедиатов. На основании полученных результатов сделаны выводы об отдельных реакциях с участием метана и циклогексана в условиях холодной плазмы при низком давлении. В частности, показана обратимость распада метана в условиях холодной плазмы, продемонстрирована склонность циклогексана к распаду цикла и получены свидетельства нерадикального механизма образования низших алкенов и олефинов из циклогексана в этих условиях. | ||
| 337 | |a Adobe Reader | ||
| 461 | 1 | |0 (RuTPU)RU\TPU\book\176237 |t Известия Томского политехнического университета [Известия ТПУ] |f Томский политехнический университет (ТПУ) |d 2000- | |
| 463 | 1 | |0 (RuTPU)RU\TPU\book\187531 |t Т. 312, № 2 : Математика и механика. Физика |v [С. 143-148] |d 2008 |p 162 с. | |
| 610 | 1 | |a метан | |
| 610 | 1 | |a циклогексан | |
| 610 | 1 | |a тлеющие разряды | |
| 610 | 1 | |a микроволновые разряды | |
| 610 | 1 | |a метод матричной ИК-спектроскопии | |
| 610 | 1 | |a сравнительные исследования | |
| 610 | 1 | |a аргон | |
| 610 | 1 | |a добавки | |
| 610 | 1 | |a кислород | |
| 610 | 1 | |a электронейтральные интермедиаты | |
| 610 | 1 | |a стабильные интермедиаты | |
| 610 | 1 | |a лабильные интермедиаты | |
| 610 | 1 | |a реакции | |
| 610 | 1 | |a холодная плазма | |
| 610 | 1 | |a низкое давление | |
| 610 | 1 | |a распад | |
| 610 | 1 | |a алкены | |
| 610 | 1 | |a олефины | |
| 610 | 1 | |a электронный ресурс | |
| 701 | 1 | |a Боганов |b С. Е. | |
| 701 | 1 | |a Кудряшов |b С. В. | |
| 701 | 1 | |a Рябов |b А. Ю. | |
| 701 | 1 | |a Климкин |b В. М. | |
| 701 | 1 | |a Климкин |b А. В. | |
| 701 | 1 | |a Егоров |b М. П. | |
| 701 | 1 | |a Нефедов |b О. М. | |
| 801 | 1 | |a RU |b 63413507 |c 20090623 |g PSBO | |
| 801 | 2 | |a RU |b 63413507 |c 20130909 |g PSBO | |
| 856 | 4 | |u http://www.lib.tpu.ru/fulltext/v/Bulletin_TPU/2008/v312/i2/33.pdf | |
| 942 | |c CF | ||